Ruthless Romans / (Record no. 4253)

MARC details
000 -LEADER
fixed length control field 01624cam a2200445 i 4500
001 - CONTROL NUMBER
control field 4253
003 - CONTROL NUMBER IDENTIFIER
control field FISKH
005 - DATE AND TIME OF LATEST TRANSACTION
control field 20241122153418.0
008 - FIXED-LENGTH DATA ELEMENTS--GENERAL INFORMATION
fixed length control field 160302t20092003enka j 001 0 eng d
010 ## - LIBRARY OF CONGRESS CONTROL NUMBER
LC control number 2015510671
015 ## - NATIONAL BIBLIOGRAPHY NUMBER
National bibliography number GBA8B4679
Source bnb
016 7# - NATIONAL BIBLIOGRAPHIC AGENCY CONTROL NUMBER
Record control number 014765981
Source Uk
020 ## - INTERNATIONAL STANDARD BOOK NUMBER
International Standard Book Number 1407104241
020 ## - INTERNATIONAL STANDARD BOOK NUMBER
International Standard Book Number 9781407104249
040 ## - CATALOGING SOURCE
Original cataloging agency MLN
Language of cataloging eng
Transcribing agency MLN
Modifying agency OCLCQ
Description conventions rda
050 ## - LIBRARY OF CONGRESS CALL NUMBER
Classification number DG77.D425
082 ## - DEWEY DECIMAL CLASSIFICATION NUMBER
Classification number 937
100 1# - MAIN ENTRY--PERSONAL NAME
Personal name Deary, Terry,
245 10 - TITLE STATEMENT
Title Ruthless Romans /
Statement of responsibility, etc. Terry Deary ; illustrated by Martin Brown.
260 ## - PUBLICATION, DISTRIBUTION, ETC.
Place of publication, distribution, etc. London :
Name of publisher, distributor, etc. Scholastic,
Date of publication, distribution, etc. 2003.
300 ## - PHYSICAL DESCRIPTION
Extent 144 pages :
Other physical details illustrations ;
Dimensions 20 cm.
336 ## - CONTENT TYPE
Content type term text
Content type code txt
Source rdacontent
337 ## - MEDIA TYPE
Media type term unmediated
Media type code n
Source rdamedia
338 ## - CARRIER TYPE
Carrier type term volume
Carrier type code nc
Source rdacarrier
490 1# - SERIES STATEMENT
Series statement Horrible histories
505 ## - FORMATTED CONTENTS NOTE
Formatted contents note U <br/>
520 ## - SUMMARY, ETC.
Summary, etc. Discover all the foul facts about the rotten Romans in this classic Horrible Histories title. All the foul facts about the rotten Romans are ready to uncover, including: what Roman soldiers wore under their kilts and how ancient Britons got their hair nice and spiky.
521 8# - TARGET AUDIENCE NOTE
Target audience note 840 <br/>
Source Lexile <br/>
521 8# - TARGET AUDIENCE NOTE
Target audience note U <br/>
Source Raz-Plus <br/>
650 #7 - SUBJECT ADDED ENTRY--TOPICAL TERM
Topical term or geographic name entry element Manners and customs.
Source of heading or term fast
651 #0 - SUBJECT ADDED ENTRY--GEOGRAPHIC NAME
Geographic name Rome
General subdivision History
Form subdivision Juvenile literature.
651 #0 - SUBJECT ADDED ENTRY--GEOGRAPHIC NAME
Geographic name Rome
General subdivision Social life and customs
Form subdivision Juvenile literature.
651 #7 - SUBJECT ADDED ENTRY--GEOGRAPHIC NAME
Geographic name Rome (Empire)
Source of heading or term fast
Authority record control number or standard number (OCoLC)fst01204885
655 #7 - INDEX TERM--GENRE/FORM
Genre/form data or focus term History.
Source of term fast
Authority record control number or standard number (OCoLC)fst01411628
655 #7 - INDEX TERM--GENRE/FORM
Genre/form data or focus term Juvenile works.
Source of term fast
Authority record control number or standard number (OCoLC)fst01411637
700 1# - ADDED ENTRY--PERSONAL NAME
Personal name Brown, Martin,
Dates associated with a name 1959-
Relator term illustrator.
906 ## - LOCAL DATA ELEMENT F, LDF (RLIN)
a 7
b cbc
c copycat
d 2
e ncip
f 20
g y-gencatlg
942 ## - ADDED ENTRY ELEMENTS (KOHA)
Source of classification or shelving scheme Dewey Decimal Classification
Koha item type Books
Suppress in OPAC No
Holdings
Withdrawn status Lost status Source of classification or shelving scheme Damaged status Not for loan Collection Home library Current library Shelving location Date acquired Total Checkouts Full call number Barcode Date last seen Copy number Price effective from Koha item type
    Dewey Decimal Classification     Non-Fiction Footprints International School Library Network Toul Kork Campus Footprints International School Library Network Toul Kork Campus A TK Campus, 4th Floor, Room B401, Non-Fiction Bookcases(7-8) 07/10/2024   DEA 937 DG77.D425 FISTKG4B045 07/10/2024 1 07/10/2024 Books
    Dewey Decimal Classification     Non-Fiction Footprints International School Library Network Toul Kork Campus Footprints International School Library Network Toul Kork Campus TTP Secondary Non-Fiction Bookshelves 07/10/2024   DEA 937 DG77.D425 FIS05437 11/22/2024 2 07/10/2024 Books